| Tag |
First Indicator |
Second Indicator |
Subfields |
| LEADER |
00000cam a2200000 i 4500 |
| 001 |
in00000367621 |
| 005 |
20151011074823.0 |
| 008 |
780325q19001977enka 00110 eng d |
| 035 |
|
|
|a (OCoLC)03747271
|
| 035 |
|
|
|9 ABP5584AM
|
| 040 |
|
|
|a TXA
|c TXA
|d UtOrBLW
|
| 049 |
|
|
|a TXAM
|c [222413]
|
| 090 |
|
|
|a TH7975.F2
|b B68 1900z
|
| 110 |
2 |
|
|a British Electrical Development Association.
|
| 245 |
1 |
0 |
|a Lighting in industry /
|c British Electrical Development Association.
|
| 264 |
|
1 |
|a London :
|b The Association,
|c [between 1900 and 1999]
|
| 300 |
|
|
|a xii, 153 pages :
|b illustrations ;
|c 23 cm.
|
| 336 |
|
|
|a text
|b txt
|2 rdacontent
|
| 337 |
|
|
|a unmediated
|b n
|2 rdamedia
|
| 338 |
|
|
|a volume
|b nc
|2 rdacarrier
|
| 490 |
0 |
|
|a Electricity and productivity series ; no. 2
|
| 500 |
|
|
|a Includes index.
|
| 650 |
|
0 |
|a Factories
|x Lighting.
|
| 999 |
|
|
|a MARS
|
| 999 |
f |
f |
|s 0aea7227-8ad8-3eb4-8abe-cf89c915cfac
|i 384cb94b-a693-322e-9573-6b29f41e4d63
|t 0
|
| 952 |
f |
f |
|p ric
|a Texas A&M University
|b Rellis Campus
|c Joint Library Facility
|d Remote Storage
|t 0
|e TH7975.F2 B68 1900z
|h Library of Congress classification
|i unmediated -- volume
|m A14805417275
|
| 998 |
f |
f |
|a TH7975.F2 B68 1900z
|t 0
|l Remote Storage
|